KNOWCON 2024: Knowledge on Economics and Management Conference Proceedings

Na minha lista:
Detalhes bibliográficos
Autor Corporativo: KNOWCON 2024: Knowledge on Economics and Management. Conference
Formato: Livro
Idioma:inglês
Publicado em: Olomouc Palacký University Olomouc 2024
Edição:1th Edition
Assuntos:
Tags: Adicionar Tag
Sem tags, seja o primeiro a adicionar uma tag!

MARC

LEADER 00000nlm a2200000 4500
001 0305535
005 20241210090006.9
020 |a 978-80-244-6552-4 
041 0 |a eng 
044 |a CZ 
245 1 0 |a KNOWCON 2024: Knowledge on Economics and Management  |b Conference Proceedings 
250 |a 1th Edition 
264 1 |a Olomouc  |b Palacký University Olomouc  |c 2024 
300 |a 205 s. 
610 2 0 |a ekonómia 
610 2 0 |a riadenie 
610 2 0 |a vedomosti 
110 2 |a KNOWCON 2024: Knowledge on Economics and Management. Conference